000 00489nam a2200181Ia 4500
003 GCL
008 140319s9999 xx 000 0 ara d
040 _aGCL /
_cGCL
082 0 4 _a813.03
_bت ص
100 1 _aتوفيق الحكيم
245 1 0 _aالصفقة /
_cتوفيق الحكيم
260 _aالقاهرة :
_bمكتبة مصر
300 _a220 ص
490 _aكتاب
_v0
650 0 4 _aالادب العربى
650 0 4 _aالقصة العربية
942 _2ddc
_cBK
999 _c41816
_d41816